header

Troubling play (Record no. 86398)

MARC details
000 -LEADER
fixed length control field 01240nam a2200325Ia 4500
100 1# - MAIN ENTRY--AUTHOR NAME
Personal name Wood, Kelsey,
245 10 - TITLE STATEMENT
Title Troubling play
260 ## - PUBLICATION, DISTRIBUTION, ETC. (IMPRINT)
Place of publication Albany :
Name of publisher State University of New York Press,
Year of publication c2005.
300 ## - PHYSICAL DESCRIPTION
Number of Pages 205 p.
650 #0 - SUBJECT ADDED ENTRY--TOPICAL TERM
Topical Term Dialectic.
Topical Term Ontology.
856 40 - ELECTRONIC LOCATION AND ACCESS
Uniform Resource Identifier http://site.ebrary.com/lib/rucke/Doc?id=10579264

No items available.

© 2026 Rongo University
Contact us: librarian | system librarian | Rongo university